Macroeconomics (Record no. 11173)
[ view plain ]
| 000 -LEADER | |
|---|---|
| fixed length control field | 00459nam a22001937a 4500 |
| 003 - CONTROL NUMBER IDENTIFIER | |
| control field | OSt |
| 008 - FIXED-LENGTH DATA ELEMENTS--GENERAL INFORMATION | |
| fixed length control field | 220420b ||||| |||| 00| 0 eng d |
| 020 ## - INTERNATIONAL STANDARD BOOK NUMBER | |
| International Standard Book Number | 9789353162597 |
| 082 ## - DEWEY DECIMAL CLASSIFICATION NUMBER | |
| Classification number | 339 DOM |
| 100 ## - MAIN ENTRY--PERSONAL NAME | |
| Personal name | DORNBUSH, Rudiger & Others |
| 245 ## - TITLE STATEMENT | |
| Title | Macroeconomics |
| 250 ## - EDITION STATEMENT | |
| Edition statement | 12th Rdition |
| 260 ## - PUBLICATION, DISTRIBUTION, ETC. (IMPRINT) | |
| Place of publication, distribution, etc | Cheenai |
| Name of publisher, distributor, etc | TMH |
| Date of publication, distribution, etc | 2018 |
| 300 ## - PHYSICAL DESCRIPTION | |
| Extent | 652 |
| 650 ## - SUBJECT ADDED ENTRY--TOPICAL TERM | |
| Topical term or geographic name as entry element | Macroeconomics |
| 700 ## - ADDED ENTRY--PERSONAL NAME | |
| Personal name | FISHER, stanely |
| 700 ## - ADDED ENTRY--PERSONAL NAME | |
| Personal name | STARTZ, Richard |
| 942 ## - ADDED ENTRY ELEMENTS (KOHA) | |
| Source of classification or shelving scheme | Dewey Decimal Classification |
| Koha item type | Text Books |
| 942 ## - ADDED ENTRY ELEMENTS (KOHA) | |
| -- | 5 |
| Withdrawn status | Lost status | Source of classification or shelving scheme | Damaged status | Not for loan | Collection code | Home library | Current library | Date acquired | Source of acquisition | Currency | Cost, normal purchase price | Bill Number | Total Checkouts | Full call number | Acc. no. / Barcode | Date last seen | Date last borrowed | Actual Cost, discounted price | Bill Date | Koha item type |
|---|---|---|---|---|---|---|---|---|---|---|---|---|---|---|---|---|---|---|---|---|
| Dewey Decimal Classification | B.A Economics | PIET NCR College Library | PIET NCR College Library | 20/04/2022 | Kirti Prakashan | Indian Rup | 795.00 | In107 | 2 | 339 DOM | N2463 | 30/08/2022 | 22/07/2022 | 540.33 | 18/04/2022 | Text Books | ||||
| Dewey Decimal Classification | B.A Economics | PIET NCR College Library | PIET NCR College Library | 20/04/2022 | Kirti Prakashan | Indian Rup | 795.00 | In107 | 339 DOM | N2464 | 20/04/2022 | 540.33 | 18/04/2022 | Text Books | ||||||
| Dewey Decimal Classification | B.A Economics | PIET NCR College Library | PIET NCR College Library | 20/04/2022 | Kirti Prakashan | Indian Rup | 795.00 | In107 | 3 | 339 DOM | N2465 | 22/07/2022 | 11/07/2022 | 540.33 | 18/04/2022 | Text Books |